[Event "8th Essent op"]
[Site "Hoogeveen NED"]
[Date "2004.10.20"]
[Round "6.16"]
[White "Van Beek, Alexander"]
[Black "Siebrecht, Sebastian"]
[Result "0-1"]
[WhiteElo "2255"]
[BlackElo "2366"]
[EventDate "2004.10.15"]
[PlyCount "88"]

1.d4 Nf6 2.Nf3 e6 3.c4 Bb4+ 4.Nbd2 b6 5.a3 Bxd2+ 6.Qxd2 Bb7 7.e3 d6 8.Be2 
Nbd7 9.b4 O-O 10.Bb2 Qe7 11.O-O Ne4 12.Qc2 f5 13.d5 e5 14.Nd2 Nxd2 15.Qxd2
Qh4 16.f4 Rae8 17.Bf3 Qe7 18.Rfe1 Qf7 19.a4 a6 20.a5 Re7 21.g3 Rfe8 22.
fxe5 Nxe5 23.Bxe5 Rxe5 24.Rad1 Qf6 25.Qd4 bxa5 26.bxa5 Bc8 27.Kf2 Bd7 28.
Qa7 Ba4 29.Rb1 R5e7 30.Rb8 f4 31.Rxe8+ Bxe8 32.gxf4 Qh4+ 33.Kf1 Bg6 34.Qd4
Qxh2 35.Re2 Qg3 36.Rf2 Qh3+ 37.Ke2 Qf5 38.Qc3 Qxf4 39.c5 Qa4 40.c6 Qb5+ 
41.Ke1 Qb1+ 42.Ke2 Rf7 43.Rf1 Qb5+ 44.Ke1 Bh5 0-1

[Event "8th Essent op"]
[Site "Hoogeveen NED"]
[Date "2004.10.20"]
[Round "6.17"]
[White "Van de Oudeweetering, Arthur"]
[Black "Hendriks, Richard V"]
[Result "1/2-1/2"]
[WhiteElo "2383"]
[BlackElo "2140"]
[EventDate "2004.10.15"]
[PlyCount "154"]

1.e4 e5 2.Nf3 Nc6 3.Bb5 f5 4.d3 fxe4 5.dxe4 Nf6 6.O-O Bc5 7.Qd3 Qe7 8.Nc3 
a6 9.Ba4 O-O 10.Nd5 Qd6 11.Bb3 Kh8 12.Bg5 Nb4 13.Qe2 Nbxd5 14.exd5 e4 15.
Nd2 Qe5 16.Bxf6 gxf6 17.Nxe4 d6 18.Rae1 Bb6 19.Qd2 Qh5 20.Ng3 Qg6 21.Re7 
Bg4 22.c4 Rf7 23.Bc2 Qg7 24.Rxf7 Qxf7 25.Qf4 Bd7 26.Re1 Re8 27.Rxe8+ Bxe8 
28.Bf5 Qg7 29.Qe4 Bg6 30.Qe6 Qf7 31.Qc8+ Qe8 32.Qxe8+ Bxe8 33.Bc8 Bg6 34.
Bxb7 a5 35.Bc6 Bb1 36.a3 Bd4 37.b4 axb4 38.axb4 Bc3 39.Ne2 Bxb4 40.Nd4 Bd3
41.Bb5 Kg8 42.g4 Kf7 43.Kg2 Bc3 44.Ne6 Ba5 45.Nf4 Be4+ 46.f3 Bc2 47.Kf2 
Bd1 48.Ne6 Bb6+ 49.Kg3 Bc2 50.Kf4 Bb1 51.g5 Bc2 52.h4 Bb1 53.Kg4 fxg5 54.
hxg5 Bc2 55.Nd8+ Kg6 56.Be8+ Kg7 57.Ne6+ Kg8 58.f4 Bd1+ 59.Kf5 Bb3 60.Bb5 
Kf7 61.Kg4 Bd1+ 62.Kh4 Bc2 63.Nd8+ Ke7 64.Nc6+ Kf7 65.Nb4 Bf5 66.Kg3 Bc5 
67.Nc6 Bb6 68.Kf3 Bc2 69.Nd8+ Ke7 70.Nc6+ Kf7 71.Ke2 Bf5 72.Nd8+ Ke7 73.
Nc6+ Kf7 74.Ba4 Kf8 75.Kd2 Bd7 76.Bc2 Bxc6 77.dxc6 Kg7 1/2-1/2

[Event "8th Essent op"]
[Site "Hoogeveen NED"]
[Date "2004.10.20"]
[Round "6.18"]
[White "Van Kooten, Luuk"]
[Black "Blees, Albert"]
[Result "1/2-1/2"]
[WhiteElo "2272"]
[BlackElo "2408"]
[EventDate "2004.10.15"]
[PlyCount "155"]

1.d4 Nf6 2.c4 c6 3.Nf3 d5 4.Nc3 a6 5.c5 g6 6.Bf4 Nh5 7.e3 Bg7 8.h3 Nxf4 9.
exf4 Nd7 10.Be2 Qc7 11.Qd2 f6 12.h4 e5 13.h5 exd4 14.Qxd4 O-O 15.hxg6 hxg6
16.f5 Ne5 17.fxg6 Nxg6 18.g3 f5 19.Qd2 Qe7 20.O-O-O f4 21.Bd3 Bf5 22.g4 
Bxd3 23.Qxd3 Rf6 24.g5 Re6 25.Nd4 Bxd4 26.Qxd4 Re8 27.Qd3 Qxc5 28.Rh6 Kg7 
29.Qf5 Qf8 30.Qh3 f3 31.Rh7+ Kg8 32.Rxb7 R6e7 33.Rxe7 Rxe7 34.Kb1 Qf7 35.
Qc8+ Qe8 36.Qf5 Ne5 37.Re1 Nc4 38.Rxe7 Qxe7 39.Qg6+ Kh8 40.Qh6+ Qh7+ 41.
Kc1 Qxh6 42.gxh6 Kh7 43.b3 Ne5 44.Kd2 Ng4 45.Nd1 Kxh6 46.b4 Kg5 47.Kd3 Kf6
48.Kd4 Ke6 49.Kc5 Ne5 50.Nb2 Kd7 51.a4 Kc7 52.b5 Nd7+ 53.Kd4 a5 54.bxc6 
Kxc6 55.Nd3 Kd6 56.Ke3 Nb6 57.Kd4 Nxa4 58.Ne5 Nc5 59.Nxf3 Ne6+ 60.Kc3 Kc5 
61.Ne5 d4+ 62.Kb3 Kd5 63.Nf3 Nc5+ 64.Ka3 Kc4 65.Ne5+ Kc3 66.f4 d3 67.Nf3 
a4 68.f5 Nd7 69.Kxa4 Ne5 70.Ng5 Kc2 71.Ne4 Nd7 72.Kb5 Nf6 73.Ng3 Nd5 74.
Nf1 Kd1 75.Kc5 Ke1 76.f6 Nxf6 77.Kd4 Kxf1 78.Kxd3 1/2-1/2

[Event "8th Essent op"]
[Site "Hoogeveen NED"]
[Date "2004.10.20"]
[Round "6.19"]
[White "Hamelink, Desiree"]
[Black "Klinova, Masha"]
[Result "0-1"]
[WhiteElo "2227"]
[BlackElo "2400"]
[EventDate "2004.10.15"]
[PlyCount "50"]

1.e4 g6 2.d4 c6 3.Nf3 d5 4.e5 Bg7 5.Bd3 Nh6 6.h3 O-O 7.Bf4 f6 8.Qd2 Nf7 9.
O-O fxe5 10.Nxe5 Nd7 11.Re1 Nfxe5 12.dxe5 Nc5 13.Nc3 Bf5 14.Bg3 Qb6 15.a3 
Bxd3 16.cxd3 Nb3 17.Qe2 Nxa1 18.Rxa1 e6 19.Qc2 Rf5 20.Ne4 Qd4 21.Nc5 Bxe5 
22.Nxe6 Qxb2 23.Qxb2 Bxb2 24.Rb1 Bxa3 25.Rxb7 Rf7 0-1

[Event "8th Essent op"]
[Site "Hoogeveen NED"]
[Date "2004.10.20"]
[Round "6.20"]
[White "Vogel, Jaap"]
[Black "Lahaye, Rick"]
[Result "1/2-1/2"]
[WhiteElo "2256"]
[BlackElo "2330"]
[EventDate "2004.10.15"]
[PlyCount "63"]

1.Nf3 Nf6 2.c4 c5 3.g3 g6 4.b3 Bg7 5.Bb2 b6 6.Bg2 Bb7 7.O-O O-O 8.d4 cxd4 
9.Qxd4 d6 10.Nc3 Nbd7 11.Rac1 Ne4 12.Qe3 Ndc5 13.Nd4 Nxc3 14.Bxc3 Bxg2 15.
Kxg2 e5 16.Nc6 Qd7 17.Nb4 f5 18.Qd2 Rae8 19.Qd5+ Re6 20.f3 f4 21.Nd3 Nxd3 
22.exd3 fxg3 23.hxg3 Rf5 24.g4 Rf7 25.Rce1 e4 26.Bxg7 exf3+ 27.Kf2 Rxe1 
28.Rxe1 Qxg4 29.Bc3 Qh4+ 30.Ke3 Qf4+ 31.Kf2 Qh2+ 32.Ke3 1/2-1/2

[Event "8th Essent op"]
[Site "Hoogeveen NED"]
[Date "2004.10.20"]
[Round "6.22"]
[White "Pel, Bonno"]
[Black "Porat, Ido"]
[Result "1/2-1/2"]
[WhiteElo "2312"]
[BlackElo "2260"]
[EventDate "2004.10.15"]
[PlyCount "114"]

1.Nc3 c5 2.Nf3 Nc6 3.d4 cxd4 4.Nxd4 g6 5.e4 Bg7 6.Nde2 Nf6 7.g3 O-O 8.Bg2 
Rb8 9.a4 d6 10.O-O a6 11.Nd5 Nd7 12.c3 b5 13.axb5 axb5 14.Nd4 Nxd4 15.cxd4
Nb6 16.Nb4 Bb7 17.b3 Ra8 18.Rxa8 Qxa8 19.Qd3 f5 20.d5 fxe4 21.Qxe4 Rf5 22.
Nc6 Nxd5 23.Nxe7+ Nxe7 24.Qxb7 Qxb7 25.Bxb7 Bd4 26.Be4 Re5 27.Bd3 Bc5 28.
Kg2 b4 29.Bb2 Re6 30.Ra1 Kf7 31.Ra8 d5 32.Rh8 h5 33.Rh7+ Kg8 34.Rh8+ Kf7 
35.Kf1 Rc6 36.Rb8 Rb6 37.Rd8 Rd6 38.Ra8 Nf5 39.Be5 Re6 40.f4 Ne3+ 41.Ke2 
Ng4 42.Ra6 Nxe5 43.fxe5 Rxa6 44.Bxa6 Bd4 45.Kf3 Bxe5 46.h4 Bf6 47.Bd3 g5 
48.hxg5 Bxg5 49.Be2 Bc1 50.Kf2 Kg6 51.Bf3 d4 52.Be4+ Kf6 53.Kf3 Bh6 54.Bd3
Bf8 55.Ba6 Bd6 56.Bd3 Kg5 57.Bf1 Bc5 1/2-1/2

[Event "8th Essent op"]
[Site "Hoogeveen NED"]
[Date "2004.10.20"]
[Round "6.23"]
[White "Bensdorp, Marlies"]
[Black "Bitalzadeh, Ali"]
[Result "1/2-1/2"]
[WhiteElo "2214"]
[BlackElo "2289"]
[EventDate "2004.10.15"]
[PlyCount "102"]

1.d4 Nf6 2.c4 e6 3.Nc3 Bb4 4.e3 c5 5.Ne2 cxd4 6.exd4 d5 7.a3 Be7 8.Nf4 O-O
9.cxd5 exd5 10.Be2 Nc6 11.O-O Be6 12.Bf3 Qd7 13.Re1 Rfe8 14.Be3 Rac8 15.h3
Na5 16.Nd3 Qd8 17.Ne5 Qb6 18.Qe2 Nb3 19.Rad1 Bxa3 20.Nxd5 Nxd5 21.Bxd5 
Bxd5 22.bxa3 Re6 23.Qh5 Rd6 24.Nd3 Qa5 25.Bf4 Rdd8 26.Nb4 Bc4 27.Qxa5 Nxa5
28.d5 Rd7 29.Rd4 Kf8 30.d6 b5 31.Na6 f6 32.h4 Nb3 33.Rde4 Nc5 34.Nxc5 Rxc5
35.Re8+ Kf7 36.R1e7+ Rxe7 37.Rxe7+ Kf8 38.Rxa7 Rd5 39.Rc7 Rd4 40.Bg3 Rd1+ 
41.Kh2 Be6 42.Rb7 Rd5 43.f3 h6 44.Be1 Kg8 45.Bb4 Kh7 46.Re7 Bc8 47.Kg3 Kg6
48.Kf4 h5 49.Ke4 Rd1 50.Bc3 Rxd6 51.Rc7 Bf5+ 1/2-1/2

[Event "8th Essent op"]
[Site "Hoogeveen NED"]
[Date "2004.10.20"]
[Round "6.25"]
[White "Brady, Stephen"]
[Black "Van Leent, Dmitri"]
[Result "0-1"]
[WhiteElo "2342"]
[BlackElo "2244"]
[EventDate "2004.10.15"]
[PlyCount "100"]

1.e4 e5 2.Nf3 Nc6 3.d4 exd4 4.Nxd4 Bc5 5.Nxc6 Qf6 6.Qd2 dxc6 7.Nc3 Bd4 8.
Bd3 Ne7 9.O-O Ng6 10.Kh1 Ne5 11.Be2 Ng4 12.Bxg4 Bxg4 13.f3 Be6 14.Nd1 
O-O-O 15.Qg5 Bc4 16.Re1 Qxg5 17.Bxg5 f6 18.Be3 Be6 19.Bxd4 Rxd4 20.Ne3 
Rhd8 21.Kg1 c5 22.Kf2 a5 23.a3 R8d6 24.Red1 Rb6 25.Rdb1 g6 26.Ke1 f5 27.
exf5 gxf5 28.c3 Rd7 29.b4 f4 30.Nd1 Bc4 31.Rb2 Re6+ 32.Kf2 a4 33.bxc5 Rde7
34.g3 Re1 35.gxf4 Rf1+ 36.Kg3 Rg7+ 37.Kh4 Be6 38.Rf2 Re1 39.c6 b6 40.Rd2 
Bb3 41.f5 Reg1 42.c4 Rf7 43.Re2 Kd8 44.Rc1 Rf6 45.Kh5 Rxf5+ 46.Kh4 Rf6 47.
Kh5 Rxf3 48.Rd2+ Ke8 49.Re2+ Kf8 50.Rc3 Rf5+ 0-1

[Event "8th Essent op"]
[Site "Hoogeveen NED"]
[Date "2004.10.20"]
[Round "6.26"]
[White "Struk, Jerzy"]
[Black "Hendriks, Willy"]
[Result "1/2-1/2"]
[WhiteElo "2237"]
[BlackElo "2396"]
[EventDate "2004.10.15"]
[PlyCount "86"]

1.e4 d6 2.d4 Nf6 3.Nc3 g6 4.Nf3 Bg7 5.Be2 O-O 6.O-O c5 7.Re1 cxd4 8.Nxd4 
Nc6 9.Nb3 a5 10.a4 Be6 11.Bf1 Bxb3 12.cxb3 Nb4 13.Bg5 h6 14.Be3 Kh7 15.Rc1
Rc8 16.h3 e6 17.Qd2 d5 18.exd5 Nfxd5 19.Nxd5 Qxd5 20.Qxd5 Nxd5 21.Rxc8 
Rxc8 22.Rc1 Rxc1 23.Bxc1 Bd4 24.Bd3 h5 25.Kf1 Kg7 26.Ke2 b6 27.Bb1 Kf6 28.
Bc2 Ke5 29.Bb1 f5 30.h4 Kd6 31.Bd3 Nf6 32.Bb5 Ne4 33.f3 Nf6 34.Bg5 Nd7 35.
Bf4+ e5 36.Bc1 f4 37.Bc4 Ke7 38.Bd2 Bxb2 39.b4 axb4 40.Bxb4+ Kf6 41.Bb5 
Ke6 42.Bc4+ Kf6 43.Bb5 Ke6 1/2-1/2

[Event "8th Essent op"]
[Site "Hoogeveen NED"]
[Date "2004.10.20"]
[Round "6.27"]
[White "Ahlers, Ben"]
[Black "Pruijssers, Roeland"]
[Result "0-1"]
[WhiteElo "2223"]
[BlackElo "2295"]
[EventDate "2004.10.15"]
[PlyCount "86"]

1.d4 Nf6 2.Nf3 g6 3.Nc3 Bg7 4.e4 d6 5.h3 c6 6.Be3 O-O 7.a4 Qa5 8.Bd3 e5 9.
O-O Nbd7 10.dxe5 dxe5 11.Nd2 Qc7 12.a5 Nh5 13.g3 Ndf6 14.Kg2 Rd8 15.Qe2 
Nf4+ 16.gxf4 exf4 17.Bc5 Qe5 18.Na4 Qg5+ 19.Kh1 Bxh3 20.Rg1 Qh6 21.f3 Re8 
22.Nc4 Bg4+ 23.Kg2 Qh3+ 24.Kf2 Qh4+ 25.Kf1 Bh3+ 26.Rg2 Nh5 27.Bf2 Qg5 28.
Be1 Ng3+ 29.Bxg3 fxg3 30.c3 Re6 31.Rd1 Rf6 32.Kg1 Rf4 33.Qe3 Bh6 34.Bf1 
Bxg2 35.Kxg2 Qh5 36.Kxg3 Rh4 37.Qc5 Bf4+ 38.Kf2 Rh2+ 39.Bg2 Qh4+ 40.Kf1 
Rxg2 41.Kxg2 Qg3+ 42.Kf1 Qxf3+ 43.Ke1 Bg3+ 0-1

[Event "8th Essent op"]
[Site "Hoogeveen NED"]
[Date "2004.10.20"]
[Round "6.28"]
[White "Doggers, Peter"]
[Black "Markus, John Raymond"]
[Result "1/2-1/2"]
[WhiteElo "2292"]
[BlackElo "2219"]
[EventDate "2004.10.15"]
[PlyCount "45"]

1.e4 e5 2.Nf3 Nc6 3.Bb5 a6 4.Ba4 Nf6 5.O-O b5 6.Bb3 Bc5 7.d3 d6 8.a4 Bb7 
9.Nc3 b4 10.Nd5 Na5 11.Nxf6+ Qxf6 12.Ba2 h6 13.Be3 O-O 14.Qd2 Nc6 15.c3 
Rab8 16.Ne1 bxc3 17.bxc3 Bxe3 18.fxe3 Qe7 19.Nf3 Bc8 20.Qf2 Be6 21.Rab1 
Bxa2 22.Qxa2 Qe6 23.Qxe6 1/2-1/2

[Event "8th Essent op"]
[Site "Hoogeveen NED"]
[Date "2004.10.20"]
[Round "6.29"]
[White "Hensbergen, Willem"]
[Black "O'Cinneide, Mel"]
[Result "1-0"]
[WhiteElo "2126"]
[BlackElo "2268"]
[EventDate "2004.10.15"]
[PlyCount "85"]

1.d4 e6 2.c4 Nf6 3.Nc3 Bb4 4.e3 b6 5.f3 c5 6.d5 d6 7.e4 b5 8.Bg5 O-O 9.a3 
Ba5 10.Rb1 h6 11.Bh4 Na6 12.cxb5 Nc7 13.Bc4 exd5 14.exd5 Bb7 15.Ne2 g5 16.
b4 cxb4 17.axb4 Bb6 18.Bf2 Re8 19.O-O Ncxd5 20.Qb3 Rc8 21.Ne4 Re7 22.N2g3 
Rec7 23.Bxd5 Nxd5 24.Bxb6 axb6 25.Rbd1 Rc4 26.Nf5 Rxb4 27.Qd3 Nf4 28.Nxh6+
Kg7 29.Nf5+ Kg6 30.Qxd6+ Qxd6 31.Nfxd6 Rc7 32.Nxb7 Rxb7 33.Rd6+ Ne6 34.Nc3
Rb3 35.Rc1 Rc7 36.Rc6 Rb7 37.g3 Kg7 38.Rd1 Nc5 39.Ne2 Rxb5 40.Nd4 Rb2 41.
Nf5+ Kg8 42.Rd8+ Kh7 43.Rh6# 1-0

[Event "8th Essent op"]
[Site "Hoogeveen NED"]
[Date "2004.10.20"]
[Round "6.30"]
[White "Van Eijk, Sander"]
[Black "Wempe, Joost"]
[Result "1/2-1/2"]
[WhiteElo "2203"]
[BlackElo "2263"]
[EventDate "2004.10.15"]
[PlyCount "170"]

1.e4 e6 2.d4 d5 3.Nd2 Nf6 4.e5 Nfd7 5.Bd3 c5 6.c3 Nc6 7.Ne2 cxd4 8.cxd4 f6
9.Nf4 Nxd4 10.Qh5+ Ke7 11.exf6+ Nxf6 12.Ng6+ hxg6 13.Qxh8 Kf7 14.Qh4 e5 
15.Nf3 Nxf3+ 16.gxf3 Bf5 17.Bxf5 gxf5 18.Bg5 Qa5+ 19.Kf1 g6 20.Bxf6 Qa6+ 
21.Kg2 Qxf6 22.Qa4 Qc6 23.Qb3 Bc5 24.Rac1 b6 25.a3 a5 26.Rhd1 Rd8 27.Rc2 
Kf6 28.Qc3 d4 29.Qc4 a4 30.b4 axb3 31.Qxb3 g5 32.a4 Ra8 33.Ra1 g4 34.a5 
gxf3+ 35.Kh1 Qd6 36.Rg1 e4 37.Rg8 Rxa5 38.Ra2 Rxa2 39.Qxa2 Qe7 40.Qd5 Qd6 
41.Qb7 d3 42.Qg7+ Ke6 43.Re8+ Kd5 44.Qg8+ Kd4 45.Rd8 Qxd8 46.Qxd8+ Kc3 47.
Qf6+ Bd4 48.Qc6+ Kd2 49.Qd5 Bxf2 50.Qxf5 Ke3 51.h4 d2 52.Qd5 Ke2 53.Qxe4+ 
Be3 54.Qc4+ Ke1 55.Qc3 Bd4 56.Qxd4 d1=Q 57.Qe3+ Kf1 58.Qxb6 Ke2+ 59.Kh2 
Qd2 60.Kg3 Qe1+ 61.Kg4 f2 62.Qb5+ Kd1 63.Qb1+ Kd2 64.Qb4+ Kd3 65.Qb5+ Kd4 
66.Qb6+ Ke5 67.Qc5+ Kf6 68.Qf8+ Ke5 69.Qc5+ Ke4 70.Qc4+ Ke3 71.Qc5+ Kd2 
72.Qb4+ Kc2 73.Qa4+ Kb2 74.Qd4+ Ka3 75.Qd3+ Ka4 76.Qa6+ Kb3 77.Qd3+ Kb2 
78.Qd4+ Kb3 79.Qd5+ Ka4 80.Qa2+ Kb4 81.Qb2+ Kc4 82.Qc2+ Kd4 83.Qb2+ Kd3 
84.Qb5+ Kd4 85.Qb2+ Kd3 1/2-1/2

[Event "8th Essent op"]
[Site "Hoogeveen NED"]
[Date "2004.10.20"]
[Round "6.31"]
[White "Groenewold, Jan Joris"]
[Black "Giddins, Stephen"]
[Result "0-1"]
[WhiteElo "2159"]
[BlackElo "2248"]
[EventDate "2004.10.15"]
[PlyCount "92"]

1.d4 e6 2.c4 Nf6 3.g3 d5 4.Bg2 dxc4 5.Nf3 Nc6 6.O-O Rb8 7.Nc3 b5 8.Ne5 
Nxe5 9.dxe5 Nd7 10.Bc6 a6 11.Qd4 Bb7 12.Bg5 Be7 13.Bxe7 Qxe7 14.Bxd7+ Qxd7
15.Qg4 Qc6 16.f3 Qc5+ 17.Kg2 Qxe5 18.Qf4 Qxf4 19.gxf4 Ke7 20.Rfd1 Rhd8 21.
Kf2 c5 22.Rxd8 Rxd8 23.Rd1 Rxd1 24.Nxd1 a5 25.Ke3 Kf6 26.Nf2 Kf5 27.Nh3 f6
28.Kd2 b4 29.e4+ Kg6 30.Nf2 Kh5 31.Nd1 Kh4 32.Ne3 Ba6 33.f5 e5 34.Nd5 Kh3 
35.Nc7 c3+ 36.bxc3 Bc4 37.Ne8 Bxa2 38.Nxg7 Bf7 39.Ne6 bxc3+ 40.Kxc3 Kxh2 
41.f4 exf4 42.Nxf4 Kg3 43.Nd5 h5 44.Nxf6 Kf4 45.Nxh5+ Bxh5 46.Kc4 a4 0-1

[Event "8th Essent op"]
[Site "Hoogeveen NED"]
[Date "2004.10.20"]
[Round "6.32"]
[White "Cako, Laszlo"]
[Black "Hulshof, Peter"]
[Result "1/2-1/2"]
[WhiteElo "2137"]
[BlackElo "2209"]
[EventDate "2004.10.15"]
[PlyCount "30"]

1.e4 c6 2.d4 d5 3.Nc3 dxe4 4.Nxe4 Nf6 5.Nxf6+ gxf6 6.c3 Bf5 7.Nf3 Nd7 8.g3
Nb6 9.Bg2 Qd7 10.O-O Bh3 11.a4 Bxg2 12.Kxg2 e6 13.Re1 O-O-O 14.a5 Na8 15.
a6 b6 1/2-1/2

[Event "8th Essent op"]
[Site "Hoogeveen NED"]
[Date "2004.10.20"]
[Round "6.33"]
[White "Dogge, Marc"]
[Black "Galje, Hans"]
[Result "1/2-1/2"]
[WhiteElo "2202"]
[BlackElo "2115"]
[EventDate "2004.10.15"]
[PlyCount "132"]

1.e4 e6 2.d4 d5 3.Nc3 h6 4.exd5 exd5 5.Bd3 Nf6 6.Nge2 c6 7.Bf4 Bd6 8.Qd2 
Qc7 9.Qe3+ Be6 10.Qg3 Bxf4 11.Qxg7 Rg8 12.Qxf6 Bg5 13.Qf3 Nd7 14.h4 Bf6 
15.O-O-O O-O-O 16.Bf5 b5 17.Ng3 Rde8 18.Nce2 Kb7 19.Rd3 Qd8 20.Qf4 Nb6 21.
Rf3 Bxf5 22.Qxf5 Bxh4 23.Qxf7+ Ka8 24.Qh7 Bg5+ 25.Kb1 Re7 26.Rf7 Rxf7 27.
Qxf7 Rf8 28.Qg7 Rxf2 29.Rf1 Rxf1+ 30.Nxf1 Qe8 31.Nfg3 Nc4 32.Qc7 Ne3 33.a4
bxa4 34.Nc3 Nxg2 35.Nh5 Qd8 36.Qxc6+ Kb8 37.Nxd5 Ne3 38.Nb4 a5 39.Na6+ Ka7
40.Nc7 Kb8 41.Ne6 Qc8 42.Qb6+ Qb7 43.Qd6+ Ka7 44.Qc5+ Qb6 45.Qe5 Nc4 46.
Qg7+ Kb8 47.Qf8+ Ka7 48.Qf7+ Kb8 49.Qf8+ Ka7 50.Qc5 Na3+ 51.Qxa3 Qxe6 52.
Qxa4 Qd5 53.Ng7 Bf6 54.Ne8 Bxd4 55.Nc7 Qh1+ 56.Ka2 Bb6 57.Nb5+ Kb7 58.Nd6+
Kc7 59.Ne8+ Kd8 60.Qb5 Qg1 61.Nf6 Qd4 62.Qc6 Bc5 63.c3 Qc4+ 64.Kb1 Qd3+ 
65.Ka2 Qc4+ 66.Kb1 Qd3+ 1/2-1/2

[Event "8th Essent op"]
[Site "Hoogeveen NED"]
[Date "2004.10.20"]
[Round "6.35"]
[White "Knol, Geon"]
[Black "Rooda, Kai P"]
[Result "1/2-1/2"]
[WhiteElo "2110"]
[BlackElo "2165"]
[EventDate "2004.10.15"]
[PlyCount "171"]

1.e4 Nc6 2.Nf3 d6 3.d4 Nf6 4.Nc3 Bg4 5.Be2 e6 6.Be3 Be7 7.Qd2 O-O 8.h3 Bh5
9.a3 d5 10.exd5 exd5 11.Ne5 Bxe2 12.Nxc6 bxc6 13.Qxe2 Rb8 14.b4 a5 15.bxa5
Ra8 16.Qd2 Rxa5 17.Ne4 Qa8 18.Nxf6+ Bxf6 19.Qd3 c5 20.O-O Ra4 21.c3 Qa6 
22.Qxa6 Rxa6 23.a4 Rfa8 24.Rfb1 h6 25.Rb7 Rxa4 26.Rxa4 Rxa4 27.Rxc7 cxd4 
28.cxd4 Bxd4 29.Rd7 Be5 30.f4 d4 31.fxe5 dxe3 32.Kf1 Kf8 33.Rd8+ Ke7 34.
Rg8 g6 35.e6 Ra1+ 36.Ke2 Ra2+ 37.Kxe3 Rxg2 38.Kf3 Rg1 39.exf7 Kxf7 40.Ra8 
h5 41.Ra7+ Kf6 42.Kf2 Rg5 43.Ra6+ Kg7 44.Ra7+ Kh6 45.Ra4 Rb5 46.Kg3 Rb3+ 
47.Kg2 Kg5 48.Ra5+ Kf4 49.Ra4+ Kg5 50.Ra5+ Kh6 51.Ra4 Rd3 52.Rb4 Kg5 53.
Rb5+ Kf4 54.Rb4+ Ke3 55.Rb5 Kf4 56.Rb4+ Ke5 57.Rb8 Re3 58.Re8+ Kf4 59.Rf8+
Kg5 60.Rf2 Re4 61.Kg3 Rd4 62.Ra2 h4+ 63.Kg2 Kf4 64.Rb2 g5 65.Ra2 Ke3 66.
Ra3+ Ke4 67.Ra2 Rd3 68.Ra4+ Ke3 69.Ra2 Rd4 70.Ra3+ Kf4 71.Rf3+ Ke4 72.Rf2 
Rd3 73.Ra2 Rg3+ 74.Kh2 Ke3 75.Ra3+ Kf2 76.Ra2+ Ke1 77.Ra1+ Kd2 78.Ra2+ Ke3
79.Ra3+ Kf4 80.Ra4+ Ke5 81.Ra5+ Kd4 82.Ra4+ Kd5 83.Ra8 Rd3 84.Ra5+ Ke4 85.
Rxg5 Rd2+ 86.Rg2 1/2-1/2

[Event "8th Essent op"]
[Site "Hoogeveen NED"]
[Date "2004.10.20"]
[Round "6.36"]
[White "Ruijgrok, Dennis"]
[Black "Kleijn, Christov"]
[Result "1-0"]
[WhiteElo "2255"]
[BlackElo "2007"]
[EventDate "2004.10.15"]
[PlyCount "123"]

1.e4 c5 2.Nf3 d6 3.c3 Nf6 4.Be2 g6 5.O-O Bg7 6.Bb5+ Nbd7 7.Re1 O-O 8.d4 a6
9.Bd3 Rb8 10.e5 dxe5 11.dxe5 Ng4 12.Bf4 Qc7 13.Qe2 e6 14.a4 Nb6 15.Nbd2 
Bd7 16.a5 Nd5 17.Bg3 Bc6 18.Ne4 Rbd8 19.Nxc5 Ne7 20.Nd4 Nh6 21.b4 Bd5 22.
Bh4 Rfe8 23.f4 Nhf5 24.Nxf5 exf5 25.Bc4 Bxc4 26.Qxc4 Rd2 27.e6 Nd5 28.
exf7+ Qxf7 29.Rxe8+ Qxe8 30.Re1 Qf7 31.Ne6 Qd7 32.Nxg7 Kxg7 33.Bf2 Qb5 34.
Bd4+ Kh6 35.Qxb5 axb5 36.g3 Rd3 37.Re5 Nxb4 38.cxb4 Rxd4 39.Rxb5 Rd7 40.
Kf2 Kg7 41.Rc5 Kf6 42.Ke3 Ke6 43.Rc2 Ke7 44.b5 Ke6 45.Ra2 Ke7 46.a6 bxa6 
47.bxa6 Ra7 48.Kd4 Kd6 49.Ra1 Kc6 50.Ke5 Re7+ 51.Kf6 Ra7 52.h4 Kd5 53.h5 
Ke4 54.hxg6 hxg6 55.Kxg6 Kf3 56.Kxf5 Kxg3 57.Ra3+ Kh4 58.Kg6 Ra8 59.a7 
Rg8+ 60.Kh6 Rf8 61.a8=Q Rc8 62.Rh3+ 1-0

[Event "8th Essent op"]
[Site "Hoogeveen NED"]
[Date "2004.10.20"]
[Round "6.37"]
[White "Van Weersel, Arlette"]
[Black "Nagel, Yvette"]
[Result "1-0"]
[WhiteElo "2184"]
[BlackElo "2051"]
[EventDate "2004.10.15"]
[PlyCount "73"]

1.e4 c5 2.c4 Nc6 3.Ne2 Nf6 4.Nbc3 e6 5.d4 cxd4 6.Nxd4 Bb4 7.Nxc6 bxc6 8.
Bd3 e5 9.O-O Bc5 10.Rb1 a5 11.a3 d6 12.b4 axb4 13.axb4 Bd4 14.Ne2 Bb6 15.
Bg5 O-O 16.Qd2 h6 17.Be3 Bxe3 18.Qxe3 Qc7 19.b5 Bb7 20.Ng3 d5 21.b6 Qb8 
22.c5 d4 23.Qd2 Nd7 24.Rbc1 Ra3 25.Nf5 Kh7 26.f4 exf4 27.Nxd4 Ne5 28.Bb1 
Rd8 29.Qb2 Ra4 30.Nf5 g5 31.Nd6 f6 32.Qb3 Rd4 33.Qe6 Rf8 34.Qe7+ Kg6 35.
Qxb7 Rxd6 36.Qxb8 Rxb8 37.cxd6 1-0

[Event "8th Essent op"]
[Site "Hoogeveen NED"]
[Date "2004.10.20"]
[Round "6.39"]
[White "Van der Veen, Jan"]
[Black "Hemminga, Fokko"]
[Result "1-0"]
[WhiteElo "2122"]
[BlackElo "2089"]
[EventDate "2004.10.15"]
[PlyCount "80"]

1.e4 c6 2.d4 d5 3.exd5 cxd5 4.Bd3 Nf6 5.c3 Nc6 6.Nf3 a6 7.h3 g6 8.Bf4 Bg7 
9.Nbd2 O-O 10.Qe2 b5 11.O-O Ra7 12.Ne5 Qb6 13.a4 bxa4 14.Rxa4 Nh5 15.Be3 
f5 16.Ndf3 f4 17.Bc1 Rf6 18.Re1 Nxe5 19.dxe5 Re6 20.Bxf4 Nxf4 21.Rxf4 a5 
22.Rd4 Bb7 23.Qd2 Qc7 24.Qf4 Rb6 25.Ng5 e6 26.Qg4 Bc8 27.Nxh7 Kxh7 28.
Qxg6+ Kg8 29.Rf4 Qf7 30.Rxf7 Rxf7 31.Qg5 Rxb2 32.f4 a4 33.Bg6 Rf5 34.Bxf5 
exf5 35.Qd8+ Kh7 36.Qxc8 a3 37.Qxf5+ Kg8 38.Qe6+ Kh7 39.Qf5+ Kg8 40.Qc8+ 
Kh7 1-0

[Event "8th Essent op"]
[Site "Hoogeveen NED"]
[Date "2004.10.21"]
[Round "7.2"]
[White "Romanishin, Oleg"]
[Black "Zhang Pengxiang"]
[Result "1/2-1/2"]
[WhiteElo "2543"]
[BlackElo "2519"]
[EventDate "2004.10.15"]
[PlyCount "103"]

1.d4 Nf6 2.Nf3 c5 3.d5 e6 4.Nc3 b5 5.dxe6 fxe6 6.Nxb5 d5 7.e4 Nxe4 8.Bf4 
Bd6 9.Nxd6+ Nxd6 10.Bd3 O-O 11.Bg3 c4 12.Be2 Ne4 13.O-O Nxg3 14.hxg3 Qf6 
15.b3 c3 16.Re1 a6 17.b4 g5 18.Qd4 Nc6 19.Qxf6 Rxf6 20.b5 Nb4 21.Rec1 axb5
22.a3 Na6 23.Bxb5 Nc5 24.Nxg5 Ba6 25.a4 d4 26.Bc6 Raf8 27.f4 Rg6 28.Re1 d3
29.cxd3 Nxd3 30.Be4 Nxe1 31.Rxe1 Rg7 32.Nxe6 Re7 33.Nxf8 c2 34.Bxh7+ Kxf8 
35.Rc1 Rxh7 36.Rxc2 Rb7 37.Kf2 Rb4 38.a5 Ra4 39.Ke3 Rxa5 40.g4 Ke7 41.f5 
Kf6 42.Rc6+ Kf7 43.Kf4 Bd3 44.Rc7+ Kf8 45.Rd7 Bc2 46.Rd6 Ke7 47.Rd2 Rc5 
48.Kg5 Rc6 49.g3 Kf7 50.Rd7+ Kf8 51.Rd5 Kg7 52.Rd7+ 1/2-1/2

[Event "8th Essent op"]
[Site "Hoogeveen NED"]
[Date "2004.10.21"]
[Round "7.4"]
[White "Baklan, Vladimir"]
[Black "Smeets, Jan"]
[Result "1/2-1/2"]
[WhiteElo "2591"]
[BlackElo "2515"]
[EventDate "2004.10.15"]
[PlyCount "58"]

1.e4 c5 2.Nf3 d6 3.d4 cxd4 4.Nxd4 Nf6 5.Nc3 a6 6.Be2 e6 7.O-O Be7 8.f4 O-O
9.Be3 Qc7 10.a4 b6 11.Bf3 Bb7 12.f5 e5 13.Nb3 Nbd7 14.g4 d5 15.Nxd5 Nxd5 
16.exd5 e4 17.Bxe4 Bd6 18.Qd2 Rfe8 19.Bf3 Ne5 20.Bf4 Nxf3+ 21.Rxf3 Re4 22.
Raf1 Rae8 23.R1f2 Qd7 24.Qd3 Bxf4 25.Rxf4 Re3 26.Qd4 Bxd5 27.c4 Qxa4 28.
cxd5 Qxb3 29.Rd2 Re1+ 1/2-1/2

[Event "8th Essent op"]
[Site "Hoogeveen NED"]
[Date "2004.10.21"]
[Round "7.5"]
[White "Erenburg, Sergey"]
[Black "Jonkman, Harmen"]
[Result "1-0"]
[WhiteElo "2537"]
[BlackElo "2417"]
[EventDate "2004.10.15"]
[PlyCount "53"]

1.e4 e5 2.Nf3 Nc6 3.Bb5 Nf6 4.O-O Nxe4 5.d4 Nd6 6.Bxc6 dxc6 7.dxe5 Nf5 8.
Qxd8+ Kxd8 9.Nc3 Be7 10.h3 h5 11.Bg5 Bxg5 12.Nxg5 Ke7 13.Ne2 h4 14.g4 hxg3
15.fxg3 Be6 16.Rf2 Rad8 17.g4 Ne3 18.Nf4 Rhg8 19.Nfxe6 fxe6 20.Rf7+ Ke8 
21.Rxc7 Rd7 22.Rc8+ Rd8 23.Rxd8+ Kxd8 24.Nxe6+ Ke7 25.Nd4 Rh8 26.Re1 Nd5 
27.Nf5+ 1-0

[Event "8th Essent op"]
[Site "Hoogeveen NED"]
[Date "2004.10.21"]
[Round "7.7"]
[White "Grooten, Herman"]
[Black "Ernst, Sipke"]
[Result "0-1"]
[WhiteElo "2391"]
[BlackElo "2521"]
[EventDate "2004.10.15"]
[PlyCount "98"]

1.d4 f5 2.g3 Nf6 3.Bg2 g6 4.b4 Bg7 5.Bb2 d6 6.Nf3 O-O 7.c4 Qe8 8.O-O Nc6 
9.b5 Nd8 10.Nbd2 a6 11.a4 e5 12.dxe5 Nd7 13.e4 f4 14.Bh3 Nxe5 15.Bxc8 
Nxf3+ 16.Nxf3 Bxb2 17.Qd5+ Qf7 18.Rab1 Qxd5 19.exd5 fxg3 20.fxg3 Rxf3 21.
Rxf3 Bd4+ 22.Kg2 Rxc8 23.bxa6 bxa6 24.Rfb3 Ba7 25.a5 Nf7 26.Rb7 Bc5 27.Rb8
Rf8 28.R8b7 Rc8 29.Rb8 Rxb8 30.Rxb8+ Kg7 31.Ra8 Ne5 32.Rxa6 Nxc4 33.Ra8 
Kf6 34.Rc8 Nxa5 35.Rxc7 h5 36.Kf3 Nc4 37.Ke4 Nd2+ 38.Kd3 Nf3 39.h3 Ke5 40.
Kc4 Ke4 41.Rxc5 Ne5+ 42.Kb5 dxc5 43.Kxc5 Nf7 44.Kc6 Ke5 45.g4 h4 46.Kc5 
Nd6 47.Kc6 Ne4 48.g5 Nxg5 49.d6 Nf7 0-1

[Event "8th Essent op"]
[Site "Hoogeveen NED"]
[Date "2004.10.21"]
[Round "7.8"]
[White "Van der Wiel, John"]
[Black "Van Wissen, Michiel"]
[Result "1/2-1/2"]
[WhiteElo "2493"]
[BlackElo "2297"]
[EventDate "2004.10.15"]
[PlyCount "37"]

1.e4 e5 2.Nf3 Nc6 3.d4 exd4 4.Nxd4 Nf6 5.Nxc6 bxc6 6.e5 Qe7 7.Qe2 Nd5 8.c4
Nb6 9.Nc3 a5 10.Qe4 g6 11.Bd3 Bg7 12.O-O O-O 13.Bf4 Ba6 14.Rac1 Rae8 15.
Rfe1 Qb4 16.a3 Qxb2 17.c5 Nd5 18.Nxd5 cxd5 19.Qxd5 1/2-1/2